Blue Devils Shows (2000-Present) - Statistics

General Stats
  • This quiz has been taken 9 times
  • The average score is 12 of 25
Answer Stats
Hint Answer % Correct
2009 (1st) 1930
75%
2019 (1st) Ghostlight
75%
2017 (1st) Metamorph
75%
2022 (1st) TEMPUS BLUE
75%
2023 (1st) THE CUT-OUTS
75%
2024 (3rd) The Romantics
75%
2025 (4th) Variations on a Gathering
75%
2012 (1st) Cabaret Voltaire
50%
2014 (1st) Felliniesque
50%
2015 (1st) Ink
50%
2003 (1st) Phenomenon of Cool
50%
2011 (2nd) The Beat My Heart Skipped
50%
2013 (2nd) The Re:Rite of Spring
50%
2004 (2nd) The SummerTrain Blues MIX
50%
2010 (1st) Through a Glass Darkly
50%
2007 (1st) Winged Victory
50%
2016 (2nd) As Dreams Are Made On
25%
2001 (2nd) Awayday Blue
25%
2008 (2nd) Constantly Risking Absurdity
25%
2005 (4th) Dance Derby of the Century
25%
2018 (2nd) Dreams and Nighthawks
25%
2002 (2nd) Jazz: Music Made in America
25%
2000 (3rd) Methods of Madness
25%
2021 Other Worlds
25%
2006 (3rd) The Godfather, Part BLUE
25%
No matching quizzes found
Score Distribution
Percent of People with Each Score
Percentile by Number Answered
Your Score History
You have not taken this quiz